عرض عادي
عرض مارك
- Al-Asmar, Ziad Mahammod.
مدخل إسم شخص
001 - رقم الضبط
- حقل الضبط: 3477
003 - معرف رقم الضبط
- حقل الضبط: OSt
005 - تاريخ ووقت أخر عملية
- حقل الضبط: 20110827130411.0
008 - عناصر بيانات ثابتة الطول
- حقل تحكم ثابت الطول: 110827|||a|||||| | ||| d
040 ## - مصدر الفهرسة
- هيئة الفهرسة الأصلية: OSt
- وكالة الكتابة: OSt
100 ## - مدخل -- أسم شخص
- إسم شخص: Al-Asmar, Ziad Mahammod.
670 ## - بيانات المصدر موجوده
- الاستشهاد بالمصدر: Work cat.: (OSt): Al-Asmar, Ziad Mahammod., Digital Systems Maintenance Lab Manual :, 2010
